Polskie miasta na Ż według podpowiedzi - Statystyki

Ogólne statystyki
  • Ten quiz został rozwiązany 90 razy
  • Średni wynik to 5 z 10
Statystyki odpowiedzi
Podpowiedź Miasto % Poprawnych
Ostatnie miasto w kolejności alfabetycznej, związane z górami i marką piwa. Żywiec
86%
Stolica polskich Łużyc i siedziba komendy policji, na którą dzwoniono w sprawie pożaru styrty. Żary
75%
Miasto ognia, słynie ze Święta Ogniowego i Muzeum Ognia. Ma także prawa powiatu. Żory
65%
To lubuskie miasto słynie z poligonu, gdzie stacjonują polskie brygady kawalerii pancernej. Żagań
64%
Miasto lnem tkane, pochodzi stamtąd postać Srebrnego Breka. Żyrardów
52%
Historyczna stolica Pałuk. Wyrusza stamtąd kolejka wąskotorowa do Biskupina. Żnin
51%
W okolicy tego mazowieckiego miasta leży jedno z największych skupisk populacji kur w Polsce. Żuromin
29%
W tym kaszubskim mieście mieści się jeden z zespołów klasztornych norbertanek. Żukowo
24%
Miasteczko koło Myszkowa z Muzeum Dawnych Rzemiosł w Starym Młynie i architekturą żydowską. Żarki
18%
Miasteczko koło Kutna i siedziba Zakładu Maszyn Elektrycznych EMIT. Żychlin
16%
Nie znaleziono quizów pasujących do podanych kryteriów
Rozkład punktacji
Procent ludzi z każdym wynikiem
Percentyl według liczby udzielonych odpowiedzi
Twoja historia wyników
Nie rozwiązałeś tego quizu